| 000 | 00602nam a22001697a 4500 | ||
|---|---|---|---|
| 003 | NUST | ||
| 038 | _aNusrat Nadeem | ||
| 082 | _a200 | ||
| 100 |
_aUMER MUHAMMAD, _931519 |
||
| 245 |
_aDevelopment of Neural Augmented Ant Colony Optimization (NaACO) Technique for Scheduling Problems/ _cMUHAMMAD UMER |
||
| 264 |
_aIslamabad; _bSMME NUST; _c2014; |
||
| 300 |
_a169,p; _bill; _c30,cm. |
||
| 650 |
_aPhD- Robotics and Intelligent Machine Engineering _9123222 |
||
| 700 |
_aSupervisor Dr Riaz Ahmad Mufti _9120100 |
||
| 856 | _u http://10.250.8.41:8080/xmlui/handle/123456789/13179 | ||
| 942 |
_2ddc _cTHE |
||
| 999 |
_c609478 _d609478 |
||